000 00562nam a2200241 a 4500
001 nice12345678
003 IN_TiNIC
005 20260116011335.0
008 050524s1962 newa grp 000 0 eng
020 _a
_c100
082 0 0 _a297
_bWIL1
100 _aWilliams, John Alden
245 _aIslam
260 _aNew York
_bGeorge Braziller
_c1962
300 _a256p.
500 _aincludes index and biblioraphy
505 2 _aIndex
650 _aIslam-Meccan Trade
700 1 _aWilliams, John Alden
902 _bSRS
942 _cBK
999 _c666
_d666